000 00360nam a2200133Ia 4500
005 20260328101521.0
008 260328s9999||||xx |||||||||||||| ||und||
100 _aFiell, Charlotte
245 0 _aPlastic dreams :
_b Synthetic visions in Design /
_cCharlotte Fiell
260 _bFiell Publishing
300 _a287 p.
650 _aDISEÑO INDUSTRIAL
942 _cBK
999 _c9607
_d9607